| 000 | 01309cab a2200217 4500 | ||
|---|---|---|---|
| 001 | ##L130679 | ||
| 008 | 050824n2005 000 0 eng u | ||
| 035 | _a(Sirsi) u130679 | ||
| 041 | 0 | _aeng | |
| 100 | 1 | _aWehner, Piers | |
| 245 | 0 | 0 | _aHome cooking |
| 260 | _c2005 | ||
| 490 | 0 |
_aEstates Gazette _v(0533) 20 August 2005, 32-35(4) |
|
| 520 | _aCasts a critical eye over the government Design for Manufacture project with its stated objective of building over 1 000 £60 000 new homes for first time buyers. Critics have pointed out that the £60 000 price tag is the construction cost per unit not the eventual sales price or total cost to the developer and does not include the price of the land. Of the limited output of 1 000 new homes only 30% will have to match this construction cost with no limit on the construction costs being applied to the other 70%. Lists the 10 prospective sites for the Design for Manufacture homes. Concludes that the extent of hidden costs in excess of £60 000 will only be revealed when the developers are selected in 2006. | ||
| 590 | _aIKA300805 | ||
| 650 | 2 | 4 |
_aAffordable housing _96215 |
| 650 | 2 | 4 | _aDCLG DESIGN FOR MANUFACTURE COMPETITION |
| 651 | 2 | 4 |
_aEngland _y886- |
| 690 | _aPROPERTY-RESIDENTIAL PROPERTY-RESIDENTIAL PROPERTY DEVELOPMENT | ||
| 942 | _n0 | ||
| 999 |
_c75768 _d75768 |
||